000 00381nam a2200157Ia 4500
008 210719s1968 xx 000 0 und d
041 _aeng
082 _a515 PAVM
100 _aPAVATE (D C)
245 _aModern college calculus.
260 _aMadras
_bMacmillan & Co. Ltd.
_c1968
300 _a551
_bPB
365 _b16
_cRs
650 _aCalculus
906 _aCollege calculus
999 _c212896
_d212896